000 00572nam a2200145Ia 4500
008 100122s9999 xx 000 0 und d
082 _b26830
_a291.21
100 _aढेरे रामचंद्र चिं
245 _aमहाराष्ट्राचा देव्हारा
260 _bविश्वकर्मा साहित्यालय
_c1978
300 _a140
630 _aमहाराष्ट्राचा देव्हारा
730 _aमहाराष्ट्राचा देव्हारा
942 _cBOOK
999 _c413197
_d413194